| 000 | 00809nam a2200205 a 4500 | ||
|---|---|---|---|
| 003 | AM-YEHGA | ||
| 040 | _aAM-YeHGA | ||
| 090 | _c457875 | ||
| 001 | 000277793 | ||
| 005 | 20250618075335.0 | ||
| 008 | 031029s1923 ai 000 | arm d | ||
| 041 | 0 | _aarm | |
| 100 | 1 |
_aՀայկունի, Գուրգեն Սարգսի, _d1889-1966 _91407 |
|
| 245 | 1 | 0 |
_aԳիշերային թիթեռնիկ : _b[Բանաստեղծություններ] / _cԳ. Հայկունի; Մօսկվայի հայ գրական գեղ. խմբակց. |
| 260 |
_aՄօսկվա : _bՄուրճ եւ մանգաղ, _c1923. |
||
| 300 |
_a8 էջ ; _c16 սմ. |
||
| 650 | 1 | 4 |
_aՀայ գրականություն _xՊոեզիա |
| 710 | 2 | _aՄօսկվայի հայ գրական գեղարվեստական խմբակցություն | |
| 942 |
_2udc _cBK |
||
| 999 |
_c454878 _d454878 |
||